Statistics for World cities with more than 1 million people above latitude 50°N

Click here to take the quiz!

General Stats

  • This quiz has been taken 21 times
  • The average score is 12 of 21

Answer Stats

HintAnswer% Correct
°51NLondon
95%
° 55NMoscow
86%
°59NSaint Petersburg
86%
°52NBerlin
81%
°53NHamburg
76%
°50NKiev
76%
°53NMinsk
76%
°52NWarsaw
76%
°52NBirmingham
71%
°50NBrussels
52%
°50NCologne
52%
°50NKharkiv
52%
°50NPrague
52%
°54NUfa
52%
°51NCalgary
43%
°53NSamara
43%
°51NNursultan
38%
°55NKazan
38%
°58NPerm
33%
°51NVoronezh
19%
°56NNovgorod
14%

Score Distribution

Percentile by Number Answered

Percent of People with Each Score

Your Score History

You have not taken this quiz